Waterford Quiz - Statistics

General Stats
  • This quiz has been taken 41 times
    32 since last reset
  • The average score is 11 of 15
Answer Stats
Hint Answer % Correct
Province Waterford Is In Munster
100%
County City Waterford
100%
Counties That Border Waterford Cork
94%
Kilkenny
94%
River That Makes The Border With Kilkenny Suir
94%
Wexford
94%
Tipperary
88%
River That Makes The Border With Wexford Barrow
81%
Waterford In Irish Is Port Láirge
81%
Largest Town Tramore
81%
Only Way To Go From Waterford To Wexford Is To Take A Ferry To Ballyhack
50%
Sea That Waterford Has A Coast On With Over 100Km Celtic Sea
50%
Chemist Born In Waterford In 1627 Robert Boyle
44%
Waterford City Was Founded In 914 AD
25%
Bridge That Crosses Over To Kilkenny Edmund Rice Bridge
25%
No matching quizzes found
Score Distribution
Percent of People with Each Score
Percentile by Number Answered
Your Score History
You have not taken this quiz since the last reset